Sporné rozširovanie

Sporné otázky pri rozširovaní Európskej únie o krajiny strednej a východnej Európy. Vývoj miezd vo východoeurópskych štátoch. Rast miezd v r. 1995 (Česká republika, Bulharsko, Poľsko, Slovensko, Rumunsko, Rusko, Maďarsko). Rozširovanie NATO. Podiel členských štátov EÚ na rozpočte (rok 1994 v mil. EC...

Descrizione completa

Salvato in:
Dettagli Bibliografici
Autore principale: Payer, G.
Natura: Capitolo di libro
Lingua:slovacco
Soggetti:
Tags: Aggiungi Tag
Nessun Tag, puoi essere il primo ad aggiungerne!!

MARC

LEADER 00000naa a2200000 4500
001 r025154
005 20251104123640.2
041 0 |a slo 
044 |a SK 
245 1 0 |a Sporné rozširovanie  |c G. Payer 
520 |a Sporné otázky pri rozširovaní Európskej únie o krajiny strednej a východnej Európy. Vývoj miezd vo východoeurópskych štátoch. Rast miezd v r. 1995 (Česká republika, Bulharsko, Poľsko, Slovensko, Rumunsko, Rusko, Maďarsko). Rozširovanie NATO. Podiel členských štátov EÚ na rozpočte (rok 1994 v mil. ECU). 
610 2 0 |a integrácia ekonomická medzinárodná 
610 2 0 |a Európska únia 
610 2 0 |a NATO 
610 2 0 |a SVE 
610 2 0 |a mzdy 
100 1 |a Payer, G.